<?xml version="1.0" encoding="UTF-8"?>
<record
    xmlns:xsi="http://www.w3.org/2001/XMLSchema-instance"
    xsi:schemaLocation="http://www.loc.gov/MARC21/slim http://www.loc.gov/standards/marcxml/schema/MARC21slim.xsd"
    xmlns="http://www.loc.gov/MARC21/slim">

  <leader>00899cam6a220020500 4500</leader>
  <controlfield tag="001">tmp15770670</controlfield>
  <controlfield tag="003">UPRA</controlfield>
  <controlfield tag="005">20190826083359.0</controlfield>
  <controlfield tag="008">951025s1980    ne           f      eng u</controlfield>
  <datafield tag="035" ind1=" " ind2=" ">
    <subfield code="a">(Sirsi) r44922</subfield>
  </datafield>
  <datafield tag="035" ind1=" " ind2=" ">
    <subfield code="a">(UPRA)tmp15770670</subfield>
  </datafield>
  <datafield tag="040" ind1=" " ind2=" ">
    <subfield code="c">UPRA</subfield>
  </datafield>
  <datafield tag="110" ind1="1" ind2=" ">
    <subfield code="b">Ministry of Agriculture and Water Development.</subfield>
    <subfield code="b">Dept. of Water Affairs.</subfield>
    <subfield code="6">A2497.1</subfield>
  </datafield>
  <datafield tag="245" ind1="1" ind2="0">
    <subfield code="a">Kafue Flats hydrological studies :</subfield>
    <subfield code="b">final report.</subfield>
  </datafield>
  <datafield tag="260" ind1=" " ind2=" ">
    <subfield code="a">Amersfoort, The Netherlands :</subfield>
    <subfield code="b">International Technical Assistance Dept.,</subfield>
    <subfield code="c">1980.</subfield>
  </datafield>
  <datafield tag="500" ind1=" " ind2=" ">
    <subfield code="a">A project executed jointly by the Dept. of Water Affairs of the Zambia Ministry of Agriculture and Water Development, and the DHV Consulting Engineering on behalf of the Netherlands, University for Technical Co-operation.</subfield>
  </datafield>
  <datafield tag="949" ind1=" " ind2=" ">
    <subfield code="a">(O2)1980/30</subfield>
    <subfield code="w">lcc</subfield>
    <subfield code="m">MAIN</subfield>
    <subfield code="t">BOOK</subfield>
    <subfield code="l">ON-SHELF</subfield>
  </datafield>
  <controlfield tag="004">44922</controlfield>
  <datafield tag="987" ind1=" " ind2=" ">
    <subfield code="a">Image : unreadable? </subfield>
    <subfield code="b">back of card unreadable.</subfield>
  </datafield>
  <datafield tag="999" ind1=" " ind2=" ">
    <subfield code="c">156118</subfield>
    <subfield code="d">156118</subfield>
  </datafield>
</record>
